000
00193nam a22000977a 4500
082
_a
823
_b
UNK/N
100
_a
UNKNOWN
245
_a
NEEL'S FAVOURITE THINGS
650
_a
EBGLISH STORY
942
_c
BK
999
_c
7738
_d
7738